[Event "Biel HTO 55th"]
[Site "Biel"]
[Date "2022.07.15"]
[Round "3"]
[White "Peyrer, Konstantin"]
[Black "Ludwig, Peter"]
[Result "1-0"]
[WhiteElo "2406"]
[BlackElo "2163"]
[PlyCount "49"]
[EventDate "2022.07.13"]
[EventType "swiss"]
[EventRounds "9"]
[EventCountry "SUI"]
[SourceTitle "CBM 209 Extra"]
[Source "ChessBase"]
[SourceDate "2022.09.30"]
[SourceVersion "1"]
[SourceVersionDate "2022.09.30"]
[SourceQuality "1"]

1. d4 Nf6 2. c4 e6 3. Nf3 b6 4. a3 Bb7 5. Nc3 d5 6. Qc2 Nbd7 7. cxd5 exd5 8. Bf4 c6 9. e3 Be7 10. Bd3 Nf8 11. h3 Ne6 12. Be5 h6 13. Bf5 0-0 14. g4 Nd7 15. Bg3 c5 16. Nb5 Ng5 17. Nxg5 hxg5 18. h4 g6 19. Bxg6 gxh4 20. Bc7 Qc8 21. Bd6 Qd8 22. Qf5 fxg6 23. Qxg6+ Kh8 24. Qh6+ Kg8 25. g5 1-0

[Event "Biel MTO op 52nd"]
[Site "Biel"]
[Date "2019.07.22"]
[Round "1"]
[White "Ludwig, Peter"]
[Black "Gopal, Geetha Narayanan"]
[Result "0-1"]
[WhiteElo "2207"]
[BlackElo "2594"]
[PlyCount "57"]
[EventDate "2019.07.22"]
[EventType "swiss"]
[EventRounds "9"]
[EventCountry "SUI"]
[SourceTitle "CBM 191 Extra"]
[Source "ChessBase"]
[SourceDate "2019.09.30"]
[SourceVersion "1"]
[SourceVersionDate "2019.09.30"]
[SourceQuality "1"]

1. Nf3 c5 2. c4 Nc6 3. Nc3 Nf6 4. g3 g6 5. Bg2 d6 6. 0-0 Bg7 7. a3 0-0 8. Rb1 Bf5 9. d3 Qd7 10. b4 Rac8 11. bxc5 dxc5 12. Nd5 b6 13. Bb2 Nxd5 14. cxd5 Nd4 15. Nxd4 cxd4 16. Qb3 Rc5 17. Rfc1 Rfc8 18. a4 h5 19. h4 Bg4 20. Kf1 Bh3 21. Bxh3 Qxh3+ 22. Kg1 g5 23. Rxc5 Rxc5 24. hxg5 h4 25. g6 hxg3 26. gxf7+ Kf8 27. fxg3 Be5 28. Ba3 Bxg3 29. Ra1 0-1

[Event "Pfalz op 10th"]
[Site "Neustadt an der Weinstrasse"]
[Date "2019.03.05"]
[Round "9"]
[White "Lenaerts, Lennert"]
[Black "Ludwig, Peter"]
[Result "1-0"]
[WhiteElo "2377"]
[BlackElo "2170"]
[PlyCount "91"]
[EventDate "2019.03.01"]
[EventType "swiss"]
[EventRounds "9"]
[EventCountry "GER"]
[SourceTitle "CBM 189 Extra"]
[Source "ChessBase"]
[SourceDate "2019.06.03"]
[SourceVersion "1"]
[SourceVersionDate "2019.06.03"]
[SourceQuality "1"]

1. d4 Nf6 2. c4 e6 3. Nc3 Bb4 4. Qc2 c5 5. dxc5 0-0 6. Nf3 Na6 7. g3 Nxc5 8. Bg2 Nce4 9. 0-0 Nxc3 10. bxc3 Bc5 11. e4 d6 12. e5 dxe5 13. Nxe5 Qc7 14. Qe2 Nd7 15. Bf4 Bd6 16. Rfe1 Nxe5 17. Bxe5 Bxe5 18. Qxe5 Qxc4 19. Red1 f6 20. Qd6 Kf7 21. Rab1 Re8 22. Bxb7 Bxb7 23. Rxb7+ Kg8 24. Qd7 Qg4 25. Qf7+ Kh8 26. Rdd7 Rg8 27. Qxf6 Raf8 28. Qd4 Qg6 29. Rxa7 Rf6 30. Rd8 h5 31. Rxg8+ Kxg8 32. a4 Qb1+ 33. Kg2 Qf5 34. h4 Qf3+ 35. Kg1 e5 36. Qd2 Rf8 37. Rd7 e4 38. Rd8 Rxd8 39. Qxd8+ Kf7 40. Qd4 Ke6 41. a5 Qe2 42. Qxg7 Kd5 43. Qd4+ Kc6 44. Qb6+ Kd7 45. a6 e3 46. Qd4+ 1-0

[Event "BL2-West 1718"]
[Site "Germany"]
[Date "2017.10.08"]
[Round "1.7"]
[White "Ludwig, Peter"]
[Black "Miedema, David"]
[Result "0-1"]
[WhiteElo "2160"]
[BlackElo "2364"]
[PlyCount "120"]
[EventDate "2017.10.08"]
[EventType "team-tourn"]
[EventRounds "9"]
[EventCountry "GER"]
[SourceTitle "CBM 183 Extra"]
[Source "ChessBase"]
[SourceDate "2018.04.19"]
[SourceVersion "1"]
[SourceVersionDate "2018.04.19"]
[SourceQuality "1"]
[WhiteTeam "Koeln SF"]
[BlackTeam "Duesseldorf"]
[WhiteTeamCountry "GER"]
[BlackTeamCountry "GER"]

1. Nf3 d5 2. c4 e6 3. g3 dxc4 4. Qa4+ Nd7 5. Qxc4 a6 6. a4 b5 7. Qc2 Bb7 8. Bg2 c5 9. Nc3 Qb6 10. 0-0 Ne7 11. axb5 axb5 12. Rxa8+ Bxa8 13. Qb3 Bc6 14. Ne1 c4 15. Qa2 Nd5 16. Nxd5 exd5 17. d3 Bc5 18. e4 d4 19. dxc4 bxc4 20. Qxc4 Bb5 21. Qd5 0-0 22. e5 Re8 23. f4 Bxf1 24. Bxf1 Nf6 25. Qf3 d3+ 26. Kh1 d2 27. Bxd2 Qxb2 28. Bc3 Qf2 29. Qxf2 Bxf2 30. Nd3 Nd5 31. Nxf2 Nxc3 32. Kg2 Ra8 33. Bc4 Ra4 34. Bd3 h6 35. h4 Kf8 36. Kf3 Ra3 37. Ke3 Nd5+ 38. Ke4 Nb4 39. Kd4 Ke7 40. f5 Nc6+ 41. Kd5 Nb8 42. Ke4 Nd7 43. Kf4 Ra5 44. Ng4 Ra4+ 45. Be4 Rb4 46. Nf2 Nc5 47. h5 f6 48. exf6+ gxf6 49. Ke3 Kd6 50. Bf3 Rb3+ 51. Ke2 Nd7 52. Ne4+ Ke5 53. Nd2 Rc3 54. Ne4 Ra3 55. Nf2 Kd4 56. Ng4 Ra2+ 57. Kf1 Ne5 58. Bd1 Nxg4 59. Bxg4 Ke3 60. Kg1 Ra4 0-1

[Event "Oberliga NRW 1617"]
[Site "Germany"]
[Date "2017.03.26"]
[Round "8.8"]
[White "Schaefer, Martin1111"]
[Black "Ludwig, Peter"]
[Result "0-1"]
[WhiteElo "1953"]
[BlackElo "2145"]
[PlyCount "80"]
[EventDate "2016.09.25"]
[EventType "team-tourn"]
[EventRounds "9"]
[EventCountry "GER"]
[SourceTitle "EXT 2020"]
[Source "ChessBase"]
[SourceDate "2019.10.17"]
[SourceVersion "1"]
[SourceVersionDate "2019.10.17"]
[SourceQuality "1"]
[WhiteTeam "Ennepe Ruhr Sued"]
[BlackTeam "Koeln SF"]
[WhiteTeamCountry "GER"]
[BlackTeamCountry "GER"]

1. d4 Nf6 2. c4 e6 3. Nf3 Bb4+ 4. Bd2 a5 5. g3 d5 6. Bg2 dxc4 7. Qc2 b5 8. a4 c6 9. Ne5 Ra6 10. e3 0-0 11. 0-0 Qb6 12. Rc1 Bb7 13. Bc3 Nbd7 14. f4 Nxe5 15. fxe5 Nd5 16. Qd2 Be7 17. Bxd5 cxd5 18. axb5 Qxb5 19. Rxa5 Rxa5 20. Bxa5 Ra8 21. Bc3 Bc6 22. Qe1 f6 23. exf6 Bxf6 24. Nd2 Qa4 25. Nf3 Be8 26. Ne5 Bxe5 27. dxe5 Bg6 28. Qe2 Bd3 29. Qd1 Qd7 30. Ra1 Rf8 31. Qd2 h6 32. Bd4 Rf3 33. Qg2 Qf7 34. Re1 Rf5 35. Ra1 Qg6 36. Qd2 Qg4 37. Re1 Rf7 38. Qg2 h5 39. h4 Be4 40. Qh2 Rf3 0-1

[Event "Oberliga NRW 1617"]
[Site "Germany"]
[Date "2017.03.05"]
[Round "7.8"]
[White "Ludwig, Peter"]
[Black "Schlehoefer, Ralf"]
[Result "0-1"]
[WhiteElo "2145"]
[BlackElo "2312"]
[PlyCount "110"]
[EventDate "2016.09.25"]
[EventType "team-tourn"]
[EventRounds "9"]
[EventCountry "GER"]
[SourceTitle "EXT 2020"]
[Source "ChessBase"]
[SourceDate "2019.10.17"]
[SourceVersion "1"]
[SourceVersionDate "2019.10.17"]
[SourceQuality "1"]
[WhiteTeam "Koeln SF"]
[BlackTeam "Wattenscheid"]
[WhiteTeamCountry "GER"]
[BlackTeamCountry "GER"]

1. Nf3 d6 2. c4 g6 3. g3 Bg7 4. Bg2 e5 5. Nc3 Nc6 6. d3 Nge7 7. 0-0 h6 8. Rb1 Be6 9. b4 a6 10. a4 Qd7 11. b5 axb5 12. axb5 Nd8 13. Nd2 Bh3 14. Nd5 Bxg2 15. Kxg2 Ne6 16. Nxe7 Kxe7 17. Rh1 f5 18. e3 d5 19. Qb3 Rhd8 20. Ba3+ Kf7 21. Rhd1 d4 22. e4 f4 23. Nf3 Ng5 24. c5+ Kf6 25. Nxg5 hxg5 26. c6 bxc6 27. bxc6 Qxc6 28. h4 gxh4 29. gxf4 exf4 30. Rdc1 Qd7 31. e5+ Kxe5 32. Rc5+ Kf6 33. Rbc1 Rxa3 34. Rc6+ Kg5 35. R1c5+ Kh6 36. Qd1 Be5 37. Qf3 Rc3 38. Rxg6+ Kxg6 39. Rxe5 Qc6 40. Re4 Rd5 41. Kh2 Rg5 42. Qe2 f3 43. Qxf3 Qd6+ 44. Kh3 Qd7+ 45. Kh2 h3 46. Re1 Qd6+ 47. Kh1 Qc6 48. Re4 Rc1+ 49. Kh2 Qd6+ 50. Rf4 Rcg1 51. Qe4+ Kh6 52. Qf3 R5g2+ 53. Kxh3 Qe6+ 54. Rf5 Rg5 55. Qh5+ Rxh5# 0-1

[Event "Oberliga NRW 1516"]
[Site "Germany"]
[Date "2016.03.06"]
[Round "7.5"]
[White "Ludwig, Peter"]
[Black "Gruermann, Martin"]
[Result "1/2-1/2"]
[WhiteElo "2184"]
[BlackElo "2128"]
[PlyCount "133"]
[EventDate "2015.09.27"]
[EventType "team-tourn"]
[EventRounds "9"]
[EventCountry "GER"]
[SourceTitle "EXT 2017"]
[Source "ChessBase"]
[SourceDate "2016.10.25"]
[SourceVersion "1"]
[SourceVersionDate "2016.10.25"]
[SourceQuality "1"]
[WhiteTeam "Koeln SF"]
[BlackTeam "Letmathe"]
[WhiteTeamCountry "GER"]
[BlackTeamCountry "GER"]

1. Nf3 c5 2. c4 g6 3. e3 Nf6 4. d4 Bg7 5. d5 d6 6. Be2 e6 7. 0-0 exd5 8. cxd5 0-0 9. Nc3 Re8 10. Nd2 b6 11. Nc4 Bb7 12. f3 Na6 13. e4 Nc7 14. a4 Ba6 15. Be3 Qe7 16. Qd2 Nd7 17. Rfe1 Ne5 18. b3 Nxc4 19. bxc4 f5 20. Bd3 fxe4 21. Nxe4 Qf8 22. Rad1 Rad8 23. Bg5 Rd7 24. Re2 h6 25. Bf4 g5 26. Bg3 Bd4+ 27. Kh1 Be5 28. Rde1 Rdd8 29. Nf2 Bxg3 30. hxg3 Rxe2 31. Rxe2 Re8 32. Ng4 Bc8 33. Ne3 Qf6 34. Be4 Bd7 35. Kh2 Re7 36. Qb2 Kg7 37. g4 Qxb2 38. Rxb2 Kf6 39. a5 bxa5 40. Rb7 Bc8 41. Rxa7 Na6 42. Ra8 Rc7 43. Bf5 Bb7 44. Rh8 Ke5 45. Nc2 Re7 46. Rxh6 Nb4 47. Na3 Ba6 48. Kg3 Kd4 49. Rxd6 Bxc4 50. Rd8 Bxd5 51. Be4 a4 52. Nc2+ Ke5 53. Bxd5 Nxc2 54. Be4 Nb4 55. Ra8 Re6 56. Rxa4 Ra6 57. Rxa6 Nxa6 58. Kf2 Kd4 59. g3 c4 60. Bf5 Nb4 61. Ke2 c3 62. f4 c2 63. Kd2 gxf4 64. gxf4 Nd5 65. Bxc2 Nxf4 66. Bb1 Nd5 67. Ba2 1/2-1/2

[Event "Oberliga NRW 1516"]
[Site "Germany"]
[Date "2015.12.20"]
[Round "4.6"]
[White "Ludwig, Peter"]
[Black "Schulze, Marc Andre"]
[Result "0-1"]
[WhiteElo "2184"]
[BlackElo "2103"]
[PlyCount "118"]
[EventDate "2015.09.27"]
[EventType "team-tourn"]
[EventRounds "9"]
[EventCountry "GER"]
[SourceTitle "EXT 2017"]
[Source "ChessBase"]
[SourceDate "2016.10.25"]
[SourceVersion "1"]
[SourceVersionDate "2016.10.25"]
[SourceQuality "1"]
[WhiteTeam "Koeln SF"]
[BlackTeam "Plettenberg"]
[WhiteTeamCountry "GER"]
[BlackTeamCountry "GER"]

1. Nf3 c5 2. c4 Nc6 3. g3 g6 4. Bg2 Bg7 5. Nc3 Nf6 6. 0-0 0-0 7. a3 d5 8. cxd5 Nxd5 9. Nxd5 Qxd5 10. d3 Qd6 11. Bf4 e5 12. Be3 b6 13. b4 cxb4 14. axb4 Bb7 15. b5 Ne7 16. Ra4 f5 17. Bd2 Qd7 18. Bb4 Bf6 19. Bxe7 Qxe7 20. Qb3+ Qf7 21. Qxf7+ Rxf7 22. Rc1 Rd7 23. Ne1 Bxg2 24. Nxg2 Rd5 25. Rb1 Bg5 26. f4 exf4 27. gxf4 Be7 28. Kf2 a5 29. Kf3 Bc5 30. Rb3 Rad8 31. Ne1 Rd4 32. Rxd4 Rxd4 33. Nc2 Rd8 34. e3 Bf8 35. Rc3 Rd5 36. Nd4 Rd8 37. Rc7 Ra8 38. Rc2 a4 39. Nc6 a3 40. Ra2 Ra4 41. Ke2 h6 42. Kd2 g5 43. fxg5 Rh4 44. Kc3 hxg5 45. Rg2 g4 46. Nd4 Bg7 47. Kb3 Bxd4 48. exd4 f4 49. Kxa3 f3 50. Ra2 Rxh2 51. Rxh2 g3 52. Rh3 g2 53. Rg3+ Kh7 54. Rxf3 g1Q 55. Rf7+ Kg8 56. Rd7 Qb1 57. Rd5 Kf7 58. Rf5+ Ke6 59. Re5+ Kd6 0-1

[Event "Oberliga NRW 1516"]
[Site "Germany"]
[Date "2015.10.25"]
[Round "2.5"]
[White "Marcziter, Dmitrii"]
[Black "Ludwig, Peter"]
[Result "1-0"]
[WhiteElo "2226"]
[BlackElo "2184"]
[PlyCount "81"]
[EventDate "2015.09.27"]
[EventType "team-tourn"]
[EventRounds "9"]
[EventCountry "GER"]
[SourceTitle "EXT 2017"]
[Source "ChessBase"]
[SourceDate "2016.10.25"]
[SourceVersion "1"]
[SourceVersionDate "2016.10.25"]
[SourceQuality "1"]
[WhiteTeam "Aachen Aufwaerts II"]
[BlackTeam "Koeln SF"]
[WhiteTeamCountry "GER"]
[BlackTeamCountry "GER"]

1. d4 Nf6 2. c4 e6 3. Nf3 Bb4+ 4. Nbd2 d5 5. a3 Be7 6. e3 0-0 7. Bd3 Nbd7 8. 0-0 c6 9. b3 Re8 10. Bb2 Bd6 11. Ne5 c5 12. Qc2 cxd4 13. exd4 h6 14. f4 b6 15. Rae1 Bb7 16. Kh1 Rc8 17. Qd1 Qe7 18. f5 Bxa3 19. fxe6 fxe6 20. Bxa3 Qxa3 21. Nxd7 Nxd7 22. Qh5 Rf8 23. Qg6 Nf6 24. cxd5 Bxd5 25. Nc4 Qa2 26. Ne5 Rc3 27. Ra1 Qxg2+ 28. Qxg2 Bxg2+ 29. Kxg2 Rxb3 30. Rxa7 Rb4 31. Nc6 Rb2+ 32. Kg1 Rd2 33. Ne7+ Kh8 34. Ng6+ Kg8 35. Nxf8 Kxf8 36. Bc4 Rxd4 37. Bxe6 Rd6 38. Ba2 h5 39. Rc1 Ne8 40. Rf7+ Kg8 41. Rd7+ 1-0

[Event "Oberliga NRW 1415"]
[Site "Germany"]
[Date "2015.03.22"]
[Round "8.5"]
[White "Ludwig, Peter"]
[Black "Schoorl, Rob"]
[Result "1/2-1/2"]
[WhiteElo "2177"]
[BlackElo "2293"]
[PlyCount "92"]
[EventDate "2014.09.14"]
[EventType "team-tourn"]
[EventRounds "9"]
[EventCountry "GER"]
[SourceTitle "EXT 2017"]
[Source "ChessBase"]
[SourceDate "2016.10.25"]
[SourceVersion "1"]
[SourceVersionDate "2016.10.25"]
[SourceQuality "1"]
[WhiteTeam "Koeln SF"]
[BlackTeam "Wattenscheid"]
[WhiteTeamCountry "GER"]
[BlackTeamCountry "GER"]

1. Nf3 f5 2. g3 Nf6 3. Bg2 g6 4. 0-0 Bg7 5. c4 0-0 6. Nc3 d6 7. Rb1 e5 8. d3 Nc6 9. Bg5 h6 10. Bxf6 Qxf6 11. Nd5 Qd8 12. b4 Ne7 13. Nd2 c6 14. Nxe7+ Qxe7 15. b5 c5 16. a4 g5 17. a5 Rb8 18. e3 e4 19. dxe4 f4 20. exf4 gxf4 21. Rb3 Be6 22. Qh5 Qg5 23. Qxg5 hxg5 24. gxf4 Rxf4 25. Rg3 g4 26. h3 Rbf8 27. f3 Bd4+ 28. Kh1 Be3 29. Rd1 Bf2 30. Rxg4+ Bxg4 31. fxg4 Bd4 32. e5 Bxe5 33. Ne4 Kh8 34. Nxd6 Bxd6 35. Rxd6 Rxc4 36. Bxb7 Rf2 37. Rd1 Rb4 38. Bc6 c4 39. Kg1 Ra2 40. b6 axb6 41. axb6 c3 42. b7 c2 43. Rc1 Rb1 44. Kf2 Rab2 45. b8Q+ Rxb8 46. Rxc2 R1b2 1/2-1/2

[Event "Zuerich op-A 38th"]
[Site "Zuerich"]
[Date "2014.12.27"]
[Round "3"]
[White "Iturrizaga Bonelli, Eduardo"]
[Black "Ludwig, Peter"]
[Result "1-0"]
[WhiteElo "2654"]
[BlackElo "2189"]
[PlyCount "59"]
[EventDate "2014.12.26"]
[EventType "swiss"]
[EventRounds "7"]
[EventCountry "SUI"]
[SourceTitle "CBM 164 Extra"]
[Source "ChessBase"]
[SourceDate "2015.03.02"]
[SourceVersion "1"]
[SourceVersionDate "2015.03.02"]
[SourceQuality "1"]

1. Nf3 Nf6 2. c4 b6 3. g3 Bb7 4. Bg2 e6 5. 0-0 Be7 6. b3 0-0 7. Bb2 c5 8. e3 Nc6 9. Qe2 d5 10. Rd1 Qc7 11. Nc3 Rad8 12. Rac1 Qb8 13. d4 cxd4 14. exd4 dxc4 15. bxc4 Rfe8 16. Rc2 Bb4 17. a3 Bf8 18. Na2 Qa8 19. Nc1 Na5 20. Nd3 Be4 21. Rc3 Nc6 22. Rcc1 Nxd4 23. Bxd4 Rxd4 24. Nxd4 Bxg2 25. f3 Bh3 26. Nf2 e5 27. Nb5 Bc5 28. Nc7 Qc6 29. Nxe8 Ng4 30. Rd2 1-0

[Event "Zuerich op-A 38th"]
[Site "Zuerich"]
[Date "2014.12.27"]
[Round "2"]
[White "Ludwig, Peter"]
[Black "Moor, Olivier"]
[Result "1-0"]
[WhiteElo "2189"]
[BlackElo "2366"]
[PlyCount "107"]
[EventDate "2014.12.26"]
[EventType "swiss"]
[EventRounds "7"]
[EventCountry "SUI"]
[SourceTitle "CBM 164 Extra"]
[Source "ChessBase"]
[SourceDate "2015.03.02"]
[SourceVersion "1"]
[SourceVersionDate "2015.03.02"]
[SourceQuality "1"]

1. Nf3 g6 2. c4 Bg7 3. g3 c5 4. Bg2 Nc6 5. Nc3 d6 6. 0-0 e6 7. d3 Nge7 8. Bd2 0-0 9. a3 b6 10. Rb1 Bb7 11. b4 Qd7 12. Qc1 Nd4 13. Nxd4 cxd4 14. Ne4 d5 15. cxd5 Nxd5 16. Bh6 Rac8 17. Qd2 Bxh6 18. Qxh6 f5 19. Ng5 Nc3 20. Rbe1 Bxg2 21. Kxg2 Rfe8 22. e4 dxe3 23. Rxe3 Nd5 24. Re2 Nf6 25. Rfe1 Qd5+ 26. Kh3 e5 27. f4 e4 28. Nxh7 Nxh7 29. Qxg6+ Kh8 30. dxe4 fxe4 31. Rxe4 Qd7+ 32. f5 Rg8 33. Qh5 Rcf8 34. g4 Qf7 35. Qh4 Qf6 36. Re7 Qxh4+ 37. Kxh4 Ng5 38. R1e3 Rf6 39. Kg3 Nf7 40. Kf4 Nd6 41. Rxa7 Rc8 42. Kg5 Rff8 43. Ree7 Ne8 44. Rh7+ Kg8 45. Rh6 b5 46. Rg6+ Kh8 47. Rh6+ Kg8 48. Rb6 Rc4 49. Rxb5 Nf6 50. h3 Ne4+ 51. Kh4 Nd6 52. Rb6 Nxf5+ 53. Kg5 Ng7 54. Kh6 1-0

[Event "Oberliga NRW 1415"]
[Site "Germany"]
[Date "2014.12.14"]
[Round "4.4"]
[White "Buckels, Valentin"]
[Black "Ludwig, Peter"]
[Result "1/2-1/2"]
[WhiteElo "2141"]
[BlackElo "2177"]
[PlyCount "100"]
[EventDate "2014.09.14"]
[EventType "team-tourn"]
[EventRounds "9"]
[EventCountry "GER"]
[SourceTitle "EXT 2017"]
[Source "ChessBase"]
[SourceDate "2016.10.25"]
[SourceVersion "1"]
[SourceVersionDate "2016.10.25"]
[SourceQuality "1"]
[WhiteTeam "Muelheim Nord II"]
[BlackTeam "Koeln SF"]
[WhiteTeamCountry "GER"]
[BlackTeamCountry "GER"]

1. d4 e6 2. c4 Nf6 3. Nc3 Bb4 4. e3 0-0 5. Nge2 d5 6. a3 Be7 7. Nf4 c6 8. cxd5 exd5 9. Bd3 Nbd7 10. 0-0 Bd6 11. Qf3 Re8 12. b4 a6 13. Bd2 Nf8 14. h3 Qe7 15. Rac1 Ng6 16. Nxg6 hxg6 17. Na4 Ne4 18. Bxe4 dxe4 19. Qe2 Bc7 20. f4 exf3 21. Qxf3 Bf5 22. Nc5 Qd6 23. e4 Qxd4+ 24. Be3 Qe5 25. exf5 Qxe3+ 26. Qxe3 Rxe3 27. fxg6 fxg6 28. Nxb7 Rxa3 29. Rxc6 Be5 30. Rxg6 Rb8 31. Na5 Rxb4 32. Nc6 Bd4+ 33. Kh1 Rb6 34. Ne7+ Kh7 35. Rg4 Ra1 36. Rxa1 Bxa1 37. Rh4+ Rh6 38. Ra4 Be5 39. Nf5 Rf6 40. g4 g6 41. Ne7 Rd6 42. Ra5 Bc3 43. Rc5 Rd3 44. Nd5 Bd4 45. Ra5 Rxh3+ 46. Kg2 Rb3 47. Rxa6 Kh6 48. Nf4 Bb6 49. Nd5 Bd4 50. Nf4 Bb6 1/2-1/2

[Event "Biel MTO op 47th"]
[Site "Biel"]
[Date "2014.07.24"]
[Round "10"]
[White "Antoli Royo, Joaquin Miguel"]
[Black "Ludwig, Peter"]
[Result "1-0"]
[WhiteElo "2443"]
[BlackElo "2249"]
[PlyCount "45"]
[EventDate "2014.07.14"]
[EventType "swiss"]
[EventRounds "11"]
[EventCountry "SUI"]
[SourceTitle "CBM 161 Extra"]
[Source "ChessBase"]
[SourceDate "2014.08.29"]
[SourceVersion "1"]
[SourceVersionDate "2014.08.29"]
[SourceQuality "1"]

1. e4 e6 2. d4 d5 3. e5 c5 4. Nf3 Nc6 5. Bd3 cxd4 6. 0-0 Nge7 7. Bf4 Qb6 8. Nbd2 Ng6 9. Bg3 Bd7 10. h4 Nb4 11. Be2 Rc8 12. Nb3 Rxc2 13. a3 Rxe2 14. Qxe2 Bb5 15. Qd1 Bxf1 16. axb4 Bc4 17. Nbxd4 Bxb4 18. Qa4+ Ke7 19. h5 Bc5 20. hxg6 Bxd4 21. Nxd4 Qxd4 22. Qb4+ Ke8 23. Qxb7 1-0

[Event "Biel MTO op 47th"]
[Site "Biel"]
[Date "2014.07.23"]
[Round "9"]
[White "Ludwig, Peter"]
[Black "Raetsky, Alexander"]
[Result "0-1"]
[WhiteElo "2249"]
[BlackElo "2431"]
[PlyCount "70"]
[EventDate "2014.07.14"]
[EventType "swiss"]
[EventRounds "11"]
[EventCountry "SUI"]
[SourceTitle "CBM 161 Extra"]
[Source "ChessBase"]
[SourceDate "2014.08.29"]
[SourceVersion "1"]
[SourceVersionDate "2014.08.29"]
[SourceQuality "1"]

1. Nf3 d5 2. c4 d4 3. b4 g6 4. g3 Bg7 5. d3 e5 6. Bg2 Ne7 7. 0-0 0-0 8. a4 c5 9. bxc5 Na6 10. Ba3 Nc6 11. Nbd2 f5 12. Nb3 Re8 13. Nfd2 Be6 14. Rb1 Rc8 15. Re1 Bf8 16. Qc1 Bf7 17. Nf1 e4 18. dxe4 fxe4 19. e3 Nab4 20. Rd1 Nd3 21. Qc2 dxe3 22. Nxe3 Bg7 23. Bxe4 Rxe4 24. Rxd3 Qe8 25. Rbd1 Ne5 26. Rd8 Rxd8 27. Rxd8 Qxd8 28. Qxe4 Nxc4 29. Qxb7 Nxe3 30. fxe3 Qd1+ 31. Kf2 Qxb3 32. Qxb3 Bxb3 33. a5 a6 34. Bb4 Kf7 35. e4 Bd4+ 0-1

[Event "Biel MTO op 47th"]
[Site "Biel"]
[Date "2014.07.14"]
[Round "1"]
[White "Ludwig, Peter"]
[Black "Bartel, Mateusz"]
[Result "0-1"]
[WhiteElo "2249"]
[BlackElo "2644"]
[PlyCount "86"]
[EventDate "2014.07.14"]
[EventType "swiss"]
[EventRounds "11"]
[EventCountry "SUI"]
[SourceTitle "CBM 161 Extra"]
[Source "ChessBase"]
[SourceDate "2014.08.29"]
[SourceVersion "1"]
[SourceVersionDate "2014.08.29"]
[SourceQuality "1"]

1. Nf3 Nf6 2. c4 e6 3. g3 a6 4. Bg2 b5 5. b3 Bb7 6. Bb2 c5 7. 0-0 Qb6 8. Nc3 Nc6 9. e3 Be7 10. Qe2 b4 11. Na4 Qc7 12. d4 d6 13. Rad1 0-0 14. dxc5 dxc5 15. Rd3 Rad8 16. Rfd1 h6 17. Rxd8 Rxd8 18. Rxd8+ Nxd8 19. Ne5 Bd6 20. Ng4 Nd7 21. f4 e5 22. f5 Bc8 23. Bd5 h5 24. Nf2 Nf6 25. e4 Bd7 26. Bc1 Nxd5 27. cxd5 c4 28. Bg5 f6 29. Be3 Bxa4 30. bxa4 Nf7 31. Qxh5 Bc5 32. Qe2 Nd6 33. Kg2 Bd4 34. Kf3 Qa5 35. Qc2 Bxe3 36. Kxe3 Qb6+ 37. Kf3 b3 38. Qb1 Qb4 39. Nd1 Nxe4 40. Qxe4 bxa2 41. d6 a1Q 42. Qd5+ Kh7 43. d7 Qb3+ 0-1

[Event "Bayern-chI Bank Hofmann 17th"]
[Site "Bad Wiessee"]
[Date "2013.10.29"]
[Round "5"]
[White "Ludwig, Peter"]
[Black "Zude, Arno"]
[Result "1/2-1/2"]
[WhiteElo "2243"]
[BlackElo "2416"]
[PlyCount "32"]
[EventDate "2013.10.26"]
[EventType "swiss"]
[EventRounds "9"]
[EventCountry "GER"]
[SourceTitle "EXT 2014"]
[Source "ChessBase"]
[SourceDate "2013.11.20"]
[SourceVersion "1"]
[SourceVersionDate "2013.11.20"]
[SourceQuality "1"]

1. Nf3 d5 2. c4 c6 3. e3 e6 4. Nc3 Nf6 5. b3 Bd6 6. Qc2 0-0 7. Bb2 Nbd7 8. Be2 Re8 9. 0-0 e5 10. cxd5 Nxd5 11. Ne4 N7f6 12. Nxd6 Qxd6 13. d3 Bg4 14. a3 Rad8 15. Rfd1 Bh5 16. Rac1 a6 1/2-1/2

[Event "NRW-ch U20"]
[Site "Hiddenhausen"]
[Date "1996.??.??"]
[Round "?"]
[White "Becker, Marcel"]
[Black "Ludwig, Peter"]
[Result "1-0"]
[WhiteElo "2110"]
[BlackElo "1935"]
[PlyCount "49"]
[EventDate "1996.??.??"]
[EventType "tourn"]
[EventRounds "9"]
[EventCountry "GER"]
[SourceTitle "EXT 2001"]
[Source "ChessBase"]
[SourceDate "2000.11.22"]
[SourceVersion "1"]
[SourceVersionDate "2000.11.22"]
[SourceQuality "1"]

1. d4 e6 2. c4 Nf6 3. Nf3 Bb4+ 4. Nbd2 b6 5. a3 Be7 6. e4 0-0 7. Bd3 d6 8. 0-0 Nbd7 9. b4 e5 10. Bb2 exd4 11. Nxd4 Bb7 12. f4 a5 13. Nf5 axb4 14. axb4 Kh8 15. Nf3 Rg8 16. Rxa8 Bxa8 17. Ng5 Qf8 18. e5 dxe5 19. fxe5 Bxb4 20. exf6 Bc5+ 21. Kh1 gxf6 22. Qh5 Rxg5 23. Qxg5 Bxg2+ 24. Qxg2 Qg8 25. Qc6 1-0

[Event "NRW-ch U20"]
[Site "Hiddenhausen"]
[Date "1996.??.??"]
[Round "?"]
[White "Eckert, Frank"]
[Black "Ludwig, Peter"]
[Result "1/2-1/2"]
[WhiteElo "2035"]
[BlackElo "1935"]
[PlyCount "45"]
[EventDate "1996.??.??"]
[EventType "tourn"]
[EventRounds "9"]
[EventCountry "GER"]
[SourceTitle "EXT 2001"]
[Source "ChessBase"]
[SourceDate "2000.11.22"]
[SourceVersion "1"]
[SourceVersionDate "2000.11.22"]
[SourceQuality "1"]

1. e4 e6 2. d4 d5 3. Nc3 Bb4 4. e5 c5 5. Bd2 Ne7 6. Nb5 Bxd2+ 7. Qxd2 0-0 8. c3 Nbc6 9. Nf3 f6 10. exf6 gxf6 11. dxc5 e5 12. Nd6 b6 13. Nxc8 Rxc8 14. cxb6 Qxb6 15. Be2 Na5 16. 0-0 Nc4 17. Bxc4 Rxc4 18. Rfe1 Kh8 19. h3 Rg8 20. Kh1 Rf4 21. Re2 Qc7 22. Rae1 Nf5 23. Nh2 1/2-1/2

[Event "NRW-ch U20"]
[Site "Hiddenhausen"]
[Date "1996.??.??"]
[Round "?"]
[White "Kara, Serafettin"]
[Black "Ludwig, Peter"]
[Result "0-1"]
[WhiteElo "1765"]
[BlackElo "1935"]
[PlyCount "92"]
[EventDate "1996.??.??"]
[EventType "tourn"]
[EventRounds "9"]
[EventCountry "GER"]
[SourceTitle "EXT 2001"]
[Source "ChessBase"]
[SourceDate "2000.11.22"]
[SourceVersion "1"]
[SourceVersionDate "2000.11.22"]
[SourceQuality "1"]

1. e4 e6 2. d4 d5 3. exd5 exd5 4. Nf3 Bd6 5. Nc3 Nf6 6. Bg5 c6 7. Bd3 0-0 8. 0-0 Bg4 9. h3 Bh5 10. Re1 Nbd7 11. Bf5 Qc7 12. g4 Bg6 13. Nh4 Rfe8 14. Qd2 a6 15. a3 a5 16. Rxe8+ Rxe8 17. Bxd7 Nxd7 18. Nxg6 hxg6 19. Ne2 Nf6 20. Bxf6 gxf6 21. Kf1 Re4 22. Re1 Kg7 23. c3 b5 24. f3 Re6 25. Ng1 Bf4 26. Qd1 Qe7 27. Re2 a4 28. Ke1 Rxe2+ 29. Qxe2 Qd6 30. Kf1 Bg5 31. Qf2 Qf4 32. Ne2 Qd2 33. f4 Bh6 34. h4 Kg8 35. g5 fxg5 36. hxg5 Bf8 37. Ng3 Qc1+ 38. Kg2 Bd6 39. Kh3 Qxf4 40. Qxf4 Bxf4 41. Ne2 Bxg5 42. Kg4 Bd2 43. c4 f5+ 44. Kf3 bxc4 45. Nc3 Bxc3 46. bxc3 Kf7 0-1